| 000 | 00631cam a2200217 4500 | ||
|---|---|---|---|
| 001 | J63053 | ||
| 008 | 000000n2000 000 0 eng u | ||
| 035 | _a(Sirsi) u109869 | ||
| 041 | _aeng | ||
| 050 | _a332.6324 | ||
| 110 |
_aInvestment Property Forum _92112 |
||
| 245 | _aInvestment Property Forum yearbook 2000 | ||
| 260 |
_aLondon _bInvestment Property Forum _c2000 |
||
| 300 | _a130p. ; 21x10cm. | ||
| 350 | _a0 | ||
| 650 | _aDIRECTORIES | ||
| 650 | _aABOUT RICS-RELATED ORGANISATIONS-INVESTMENT PROPERTY FORUM | ||
| 650 | _aPROPERTY INVESTMENT | ||
| 690 | _aPROPERTY-PROPERTY FINANCE AND INVESTMENT | ||
| 942 | _n0 | ||
| 999 |
_c101021 _d101021 |
||